डिसेस अफ डैयरी एनिमलस / (Record no. 478144)

MARC details
000 -LEADER
fixed length control field 01080nam a2200325 a 4500
001 - CONTROL NUMBER
control field vtls001167390
003 - CONTROL NUMBER IDENTIFIER
control field NLI
005 - DATE AND TIME OF LATEST TRANSACTION
control field 20210603154412.0
008 - FIXED-LENGTH DATA ELEMENTS--GENERAL INFORMATION
fixed length control field 120327s1971 ii 000 0 hin
020 ## - INTERNATIONAL STANDARD BOOK NUMBER
Terms of availability Rs. 2.00
039 #9 - LEVEL OF BIBLIOGRAPHIC CONTROL AND CODING DETAIL [OBSOLETE]
-- 201203271809
-- siva123
040 ## - CATALOGING SOURCE
Original cataloging agency NLI
Language of cataloging hineng
Transcribing agency Datasoft_Hindi
Description conventions AACR2
041 0# - LANGUAGE CODE
Language code of text/sound track or separate title hin
044 ## - COUNTRY OF PUBLISHING/PRODUCING ENTITY CODE
MARC country code ii
082 04 - DEWEY DECIMAL CLASSIFICATION NUMBER
Classification number 636.0896
100 0# - MAIN ENTRY--PERSONAL NAME
Linkage 880-01
Personal name इहसानुमला
9 (RLIN) 4645
245 10 - TITLE STATEMENT
Linkage 880-02
Title डिसेस अफ डैयरी एनिमलस /
Statement of responsibility, etc. इहसानुमला
260 ## - PUBLICATION, DISTRIBUTION, ETC.
Place of publication, distribution, etc. हैदराबाद :
Name of publisher, distributor, etc. सेवन सीस,
Date of publication, distribution, etc. 1971
300 ## - PHYSICAL DESCRIPTION
Extent 81 p. ;
Dimensions 15 cm.
650 #0 - SUBJECT ADDED ENTRY--TOPICAL TERM
Topical term or geographic name entry element Nutrition
9 (RLIN) 3280
650 #0 - SUBJECT ADDED ENTRY--TOPICAL TERM
Topical term or geographic name entry element Animal nutrition
880 10 - ALTERNATE GRAPHIC REPRESENTATION
Linkage 245-02(B
a Diseases of diary animals /
c Ihasānumalā
880 0# - ALTERNATE GRAPHIC REPRESENTATION
Linkage 100-01(B
a Ihasānumalā
887 ## - NON-MARC INFORMATION FIELD
Content of non-MARC field Shahera 24.11.1959 (Rajni 01.02.12)
901 ## - LOCAL DATA ELEMENT A, LDA (RLIN)
a DB20310
b 17.03.1972
902 ## - LOCAL DATA ELEMENT B, LDB (RLIN)
a H 636.0896 Eh 89
904 ## - LOCAL DATA ELEMENT D, LDD (RLIN)
c Shahera 24.11.1959 (Rajni 01.02.12)
l 2142
942 ## - ADDED ENTRY ELEMENTS (KOHA)
Source of classification or shelving scheme Dewey Decimal Classification
Koha item type Books
949 ## - LOCAL PROCESSING INFORMATION (OCLC)
-- VIRTUAITEM
-- 10000
-- 100
6 DBA000020310HIN
Holdings
Withdrawn status Lost status Damaged status Not for loan Collection code Home library Current library Shelving location Date acquired Total Checkouts Full call number Barcode Date last seen Price effective from Koha item type
        Hindi National Library of India National Library of India Hindi - Book - Main Stack Division     H 636.0896 Eh 89 DBA000020310HIN 03/06/2021 03/06/2021 Books
                                                                           
web counter

Copyright ©2020 The National Library of India, Govt. of India ↔ Hosted by NVLI, MOC ↔ Technology and Design by National Library of India, Ministry of Culture, Govt. of India